000
00288nam a2200097Ia 4500
008
220204s9999 xx 000 0 und d
082
_a
632.952
_b
PRO
245
0
_a
Proceedings of the fourth annual conference of the UPASI scientific department
260
_a
Coonoor
_b
UPASI
_c
1956
942
_c
BK
999
_c
23209
_d
23209